La gringa

में बचाया:
ग्रंथसूची विवरण
मुख्य लेखक: Sánchez, Florencio
स्वरूप: पुस्तक
भाषा:Undetermined
प्रकाशित: Buenos Aires, Argentina Huemul 1965
संस्करण:2
विषय:
टैग: टैग जोड़ें
कोई टैग नहीं, इस रिकॉर्ड को टैग करने वाले पहले व्यक्ति बनें!

MARC

LEADER 00000nam a2200000Ia 4500
008 170316s9999 xx 000 0 und d
040 |a cru BVZT 
090 |a 860 S-8g 
100 |a Sánchez, Florencio 
245 |a La gringa 
250 |a 2 
260 |a Buenos Aires, Argentina 
260 |b Huemul 
260 |c 1965 
300 |a 110 páginas 
650 |a LITERATURA LATINOAMERICANA 
999 |c 9260  |d 9260 
942 |c 15 D  |h 860 S-8g  |2 z